| 000 | 01220cam a22003131i 4500 | ||
|---|---|---|---|
| 003 | SA-RiAUC | ||
| 005 | 20241218144747.0 | ||
| 008 | 241217s1990 le f b 000k0 ara c | ||
| 040 |
_aSA-RiAUC _bara _cSA-RiAUC _erda |
||
| 050 | 4 | _bI53 1990 | |
| 082 | 0 | 4 |
_a257.2 _qSA-RiAUC |
| 090 |
_a257.2 ع ن ا _b ع ن ا |
||
| 100 | 1 |
_aعناية، غازي حسين، _d1938- _eمؤلف. |
|
| 245 | 1 | 2 |
_aالمالية العامة والنظام المالي الإسلامي : _bدراسة مقارنة / _cغازي عناية. |
| 250 | _aالطبعة الأولى. | ||
| 264 | 1 |
_aبيروت : _bدار الجيل، _c1990 |
|
| 300 |
_a820 صفحة ؛ _c24 سم |
||
| 336 |
_aنص _btxt _2rdacontent _3كتاب |
||
| 337 |
_aبدون وسيط _bn _2rdamedia |
||
| 338 |
_aمجلد _bnc _2rdacarrier |
||
| 504 | _aببليوجرافية : صفحة 797-810. | ||
| 504 | _aيشتمل على إرجاعات ببليوجرافية. | ||
| 650 | 7 |
_aالنظام المالي في الإسلام _2aucsh |
|
| 650 | 7 |
_aالاقتصاد الإسلامي _2aucsh |
|
| 650 | 7 |
_aالمالية العامة _2aucsh |
|
| 942 |
_2ddc _cBOOK _n0 |
||
| 949 |
_aSA-JeALM _d241217 _umohamedma123 _n1 |
||
| 999 |
_c3652 _d3652 |
||